000
00518nam a2200169Ia 4500
008
090711s9999 xx 000 0 und d
082
_b
76564
100
_a
देशपांडे व्यंकटेश
245
_a
बाई साहेब
260
_c
1995
300
_a
182
600
_a
देशपांडे व्यंकटेश
630
_a
बाई साहेब
700
_a
देशपांडे व्यंकटेश
730
_a
बाई साहेब
942
_c
BOOK
999
_c
299314
_d
299314